[Event "Hamburg Easter op"]
[Site "Hamburg"]
[Date "2023.04.08"]
[Round "3"]
[White "Schmitzer, Klaus"]
[Black "Neuendorf, Max"]
[Result "1-0"]
[WhiteElo "2238"]
[BlackElo "2000"]
[PlyCount "72"]
[EventDate "2023.04.07"]
[EventType "swiss"]
[EventRounds "7"]
[EventCountry "GER"]
[SourceTitle "EXT 2024"]
[Source "ChessBase"]
[SourceDate "2023.10.10"]
[SourceVersion "1"]
[SourceVersionDate "2023.10.10"]
[SourceQuality "1"]

1. e4 c5 2. Nf3 Nc6 3. d4 cxd4 4. Nxd4 e5 5. Nb5 d6 6. Bd3 Be7 7. 0-0 Be6 8. a4 Nf6 9. N1c3 a6 10. Na3 d5 11. exd5 Nxd5 12. Nxd5 Bxd5 13. Qg4 Bf6 14. Bc4 Bxc4 15. Nxc4 0-0 16. Be3 Nd4 17. c3 Nc2 18. Rad1 Nxe3 19. fxe3 Qc8 20. Qe4 Qe6 21. Rd6 Qe7 22. Rb6 Rab8 23. Rd1 Rfd8 24. Rd5 Rxd5 25. Qxd5 h6 26. h3 Rd8 27. Qxb7 Qe8 28. Qc6 Rd1+ 29. Kh2 Qd8 30. Qe4 g6 31. Rxa6 Kh7 32. Ra7 Kg7 33. a5 Rf1 34. Nxe5 Qd6 35. Qxg6+ Kh8 36. Ra8+ Bd8 1-0

[Event "Blankenese op 3rd"]
[Site "Hamburg"]
[Date "2019.10.04"]
[Round "3"]
[White "Callsen, Niklas"]
[Black "Neuendorf, Max"]
[Result "0-1"]
[WhiteElo "2102"]
[BlackElo "1962"]
[PlyCount "66"]
[EventDate "2019.10.03"]
[EventType "swiss"]
[EventRounds "7"]
[EventCountry "GER"]
[SourceTitle "EXT 2023"]
[Source "ChessBase"]
[SourceDate "2022.10.05"]
[SourceVersion "1"]
[SourceVersionDate "2022.10.05"]
[SourceQuality "1"]

1. e4 c5 2. Nf3 Nc6 3. d4 cxd4 4. Nxd4 e5 5. Nb5 d6 6. c4 Be7 7. N1c3 a6 8. Na3 f5 9. exf5 Bxf5 10. Nc2 Nf6 11. Ne3 Be6 12. g3 Nd4 13. Bg2 b5 14. cxb5 axb5 15. Ncd5 0-0 16. 0-0 Rc8 17. b3 Nxd5 18. Nxd5 Bg5 19. f4 Bf6 20. Bb2 Bxd5 21. Bxd5+ Kh8 22. Bxd4 exd4 23. Be4 Re8 24. Re1 g6 25. h4 Rc3 26. Qg4 Re3 27. h5 R8xe4 28. Rec1 Rc3 29. hxg6 Qg8 30. Rxc3 dxc3 31. a4 Qxg6 32. Qxg6 hxg6 33. axb5 Rb4 0-1

[Event "Blankenese op 3rd"]
[Site "Hamburg"]
[Date "2019.10.04"]
[Round "4"]
[White "Neuendorf, Max"]
[Black "Popvasilev, Kalojan"]
[Result "1/2-1/2"]
[WhiteElo "1962"]
[BlackElo "2070"]
[PlyCount "60"]
[EventDate "2019.10.03"]
[EventType "swiss"]
[EventRounds "7"]
[EventCountry "GER"]
[SourceTitle "EXT 2023"]
[Source "ChessBase"]
[SourceDate "2022.10.05"]
[SourceVersion "1"]
[SourceVersionDate "2022.10.05"]
[SourceQuality "1"]

1. e4 c5 2. Nc3 Nc6 3. g3 g6 4. Bg2 Bg7 5. d3 d6 6. f4 e6 7. Nf3 Nge7 8. 0-0 0-0 9. Be3 b6 10. d4 e5 11. fxe5 cxd4 12. Bxd4 dxe5 13. Be3 Ba6 14. Rf2 Na5 15. Nd2 Qc7 16. Nd5 Nxd5 17. exd5 Rac8 18. Rc1 f5 19. Bf1 Nc4 20. Nxc4 Bxc4 21. Bxc4 Qxc4 22. b3 Qc3 23. Qd2 e4 24. Qxc3 Rxc3 25. Re2 Rd8 26. Bd2 Rf3 27. c4 Bd4+ 28. Kg2 Rd3 29. Be1 Kg7 30. Rd2 Rxd2+ 1/2-1/2

[Event "Blankenese op 2nd"]
[Site "Hamburg"]
[Date "2018.10.03"]
[Round "7.16"]
[White "Maisuradze, Daviti"]
[Black "Neuendorf, Max"]
[Result "1/2-1/2"]
[WhiteElo "1749"]
[BlackElo "1993"]
[PlyCount "86"]
[EventDate "2018.09.29"]
[EventType "swiss"]
[EventRounds "7"]
[EventCountry "GER"]
[SourceTitle "EXT 2020"]
[Source "ChessBase"]
[SourceDate "2019.10.17"]
[SourceVersion "1"]
[SourceVersionDate "2019.10.17"]
[SourceQuality "1"]

1. e4 c5 2. Nf3 Nc6 3. d4 cxd4 4. Nxd4 e5 5. Nb5 d6 6. Be3 Be7 7. Bc4 Nf6 8. f3 0-0 9. 0-0 Kh8 10. N5c3 a6 11. a3 Be6 12. Nd5 b5 13. Ba2 Bxd5 14. exd5 Nb8 15. c4 bxc4 16. Bxc4 Nh5 17. Nc3 f5 18. Na4 Nd7 19. Qe2 Bg5 20. Bf2 Nf4 21. Qd1 Qa5 22. b4 Qc7 23. Bb3 Rac8 24. Ra2 Qb7 25. h4 Bd8 26. Kh2 Nf6 27. Rd2 a5 28. g3 Ng6 29. bxa5 e4 30. Nb6 Bxb6 31. Bxb6 f4 32. Rd4 fxg3+ 33. Kxg3 Nh5+ 34. Kh2 exf3 35. Rxf3 Rxf3 36. Qxf3 Nf6 37. Ba4 Qe7 38. Bc6 Rf8 39. a6 Qe5+ 40. Kg2 Nh5 41. Qxf8+ Nxf8 42. a7 Qe2+ 43. Kg1 Qe1+ 1/2-1/2

[Event "Blankenese op 2nd"]
[Site "Hamburg"]
[Date "2018.09.29"]
[Round "2.1"]
[White "Neuendorf, Max"]
[Black "Ertan, Can"]
[Result "1/2-1/2"]
[WhiteElo "1993"]
[BlackElo "2434"]
[PlyCount "146"]
[EventDate "2018.09.29"]
[EventType "swiss"]
[EventRounds "7"]
[EventCountry "GER"]
[SourceTitle "EXT 2020"]
[Source "ChessBase"]
[SourceDate "2019.10.17"]
[SourceVersion "1"]
[SourceVersionDate "2019.10.17"]
[SourceQuality "1"]

1. e4 e5 2. Nf3 Nc6 3. Bc4 Bc5 4. c3 Nf6 5. d4 exd4 6. e5 d5 7. Bb5 Ne4 8. cxd4 Bb4+ 9. Bd2 Nxd2 10. Bxc6+ bxc6 11. Nbxd2 0-0 12. Qa4 c5 13. dxc5 Bxd2+ 14. Nxd2 f6 15. e6 Re8 16. 0-0 Rxe6 17. Rfe1 Qd7 18. Qf4 Re7 19. Nf3 Bb7 20. Rxe7 Qxe7 21. Qb4 Bc6 22. Nd4 Be8 23. Re1 a5 24. Qxa5 Qd8 25. Qc3 Rxa2 26. b4 Bf7 27. h3 Qa8 28. Nf5 Qa3 29. Qxa3 Rxa3 30. Re7 Ra7 31. Kh2 Kf8 32. Re2 Ra1 33. Rb2 Rc1 34. Nd4 Ke8 35. Kg3 Rc4 36. Nf5 Rc3+ 37. Kh2 Bg6 38. Ne3 d4 39. Nd5 Rc2 40. Rb1 Rxf2 41. Rd1 Be4 42. Nxc7+ Ke7 43. Kg3 Rxg2+ 44. Kf4 Bb7 45. Rxd4 Rg5 46. Ke3 Re5+ 47. Kd3 Bg2 48. h4 g5 49. Kd2 h5 50. Nb5 g4 51. Na7 Rd5 52. Nb5 g3 53. Rxd5 Bxd5 54. Ke3 f5 55. Nd4 Kf6 56. Kf4 g2 57. Ne2 Bc6 58. Ng1 Ke6 59. Kg3 Ke5 60. b5 Bxb5 61. Kxg2 Kf4 62. Kf2 Bc6 63. Ne2+ Kg4 64. Nd4 Be8 65. c6 f4 66. c7 Bd7 67. Nc6 Kxh4 68. Ne7 Kg4 69. c8Q Bxc8 70. Nxc8 h4 71. Ne7 h3 72. Ng6 Kf5 73. Nh4+ Ke4 1/2-1/2

[Event "Kiel op 31st"]
[Site "Kiel"]
[Date "2018.08.02"]
[Round "8"]
[White "Neuendorf, Max"]
[Black "Aarav, Dengla"]
[Result "1-0"]
[WhiteElo "1981"]
[BlackElo "1805"]
[PlyCount "65"]
[EventDate "2018.07.28"]
[EventType "swiss"]
[EventRounds "9"]
[EventCountry "GER"]
[SourceTitle "CBM 185 Extra"]
[Source "ChessBase"]
[SourceDate "2018.07.29"]
[SourceVersion "1"]
[SourceVersionDate "2018.07.29"]
[SourceQuality "1"]

1. e4 e5 2. Nf3 Nf6 3. Nxe5 d6 4. Nf3 Nxe4 5. d4 d5 6. Bd3 Be7 7. 0-0 Nc6 8. c4 Nb4 9. cxd5 Nxd3 10. Qxd3 Qxd5 11. Nc3 Nxc3 12. bxc3 Be6 13. Re1 Qc4 14. Qxc4 Bxc4 15. Ba3 Be6 16. Bxe7 Kxe7 17. d5 Rhd8 18. dxe6 fxe6 19. Nd4 Kf7 20. Nxe6 Rd3 21. c4 Rc3 22. c5 c6 23. Rab1 Rb8 24. Rxb7+ Rxb7 25. Nd8+ Kf6 26. Nxb7 Rc2 27. a4 Ra2 28. a5 Rb2 29. Nd8 Rc2 30. Nxc6 Rxc5 31. Nxa7 Rxa5 32. Nc6 Rd5 33. h3 1-0

[Event "Kiel op 31st"]
[Site "Kiel"]
[Date "2018.07.28"]
[Round "1"]
[White "Wu, Sitang"]
[Black "Neuendorf, Max"]
[Result "0-1"]
[WhiteElo "1403"]
[BlackElo "1981"]
[PlyCount "80"]
[EventDate "2018.07.28"]
[EventType "swiss"]
[EventRounds "9"]
[EventCountry "GER"]
[SourceTitle "CBM 185 Extra"]
[Source "ChessBase"]
[SourceDate "2018.07.29"]
[SourceVersion "1"]
[SourceVersionDate "2018.07.29"]
[SourceQuality "1"]

1. d4 d5 2. c4 c6 3. Nc3 dxc4 4. a4 Nf6 5. e3 Bf5 6. Bxc4 e6 7. Nf3 Bb4 8. 0-0 0-0 9. Qe2 Nbd7 10. e4 Bg6 11. Bd3 Bh5 12. Rd1 e5 13. Be3 Qa5 14. Nb1 Rfe8 15. Nbd2 exd4 16. Nb3 Qc7 17. Bxd4 Bd6 18. h3 Kh8 19. Nbd2 Nd5 20. Nc4 Bc5 21. Bc2 Nb4 22. Bb1 Bxd4 23. Rxd4 Nc5 24. Ncd2 a5 25. Rc4 b6 26. Ba2 Nxa4 27. b3 Nc5 28. Nf1 Bxf3 29. Qxf3 Qe5 30. Rcc1 f6 31. Nd2 b5 32. Qe3 Nc2 33. f4 Qxa1 34. Rxa1 Nxe3 35. Rc1 Nd3 36. Rc3 Nb4 37. Bb1 Rad8 38. Nf3 Rd1+ 39. Kf2 Rxb1 40. Kxe3 Nd5+ 0-1

[Event "Klatovy op-A 24th"]
[Site "Klatovy"]
[Date "2018.07.04"]
[Round "5"]
[White "Neuendorf, Max"]
[Black "Pick, Stepan"]
[Result "1/2-1/2"]
[WhiteElo "1981"]
[BlackElo "2113"]
[PlyCount "39"]
[EventDate "2018.06.30"]
[EventType "swiss"]
[EventRounds "9"]
[EventCountry "CZE"]
[SourceTitle "CBM 185 Extra"]
[Source "ChessBase"]
[SourceDate "2018.07.29"]
[SourceVersion "1"]
[SourceVersionDate "2018.07.29"]
[SourceQuality "1"]

1. e4 e6 2. d3 c5 3. Nf3 d5 4. Nbd2 Nc6 5. g3 Bd6 6. Bg2 Nge7 7. 0-0 0-0 8. c3 b5 9. exd5 Nxd5 10. Ne4 Ba6 11. Nxd6 Qxd6 12. Qc2 Rac8 13. b3 Rfd8 14. Bb2 b4 15. c4 Nc3 16. Bxc3 bxc3 17. Qxc3 Qxd3 18. Qxd3 Rxd3 19. Rfd1 Rdd8 20. Rd2 1/2-1/2

[Event "Klatovy op-A 24th"]
[Site "Klatovy"]
[Date "2018.07.02"]
[Round "3"]
[White "Neuendorf, Max"]
[Black "Eret, Matous"]
[Result "1/2-1/2"]
[WhiteElo "1981"]
[BlackElo "2184"]
[PlyCount "102"]
[EventDate "2018.06.30"]
[EventType "swiss"]
[EventRounds "9"]
[EventCountry "CZE"]
[SourceTitle "CBM 185 Extra"]
[Source "ChessBase"]
[SourceDate "2018.07.29"]
[SourceVersion "1"]
[SourceVersionDate "2018.07.29"]
[SourceQuality "1"]

1. e4 d6 2. d4 Nf6 3. Nc3 e5 4. Nf3 Nbd7 5. Bc4 Be7 6. 0-0 0-0 7. h3 c6 8. a4 b6 9. d5 c5 10. a5 bxa5 11. Qe2 Nb6 12. Nd2 Rb8 13. Rxa5 Nbxd5 14. Nxd5 Nxd5 15. Rxa7 Qb6 16. Ra3 Nf4 17. Qf3 Kh8 18. Bd3 Ng6 19. Nc4 Qc7 20. Bd2 Be6 21. b3 Ra8 22. Rxa8 Rxa8 23. Qe2 Rg8 24. Ra1 Qd8 25. Ne3 Bg5 26. Bc4 Nf4 27. Qf1 Bh6 28. Rd1 Bc8 29. Bxf7 Rf8 30. Bc4 Qh4 31. Nf5 Bxf5 32. Bxf4 Bxe4 33. Bg3 Qf6 34. Bd3 Ba8 35. Bc4 Bf4 36. Bxf4 exf4 37. Bd5 Bxd5 38. Rxd5 f3 39. gxf3 Qg6+ 40. Qg2 Qxc2 41. Rxd6 Qxb3 42. Rd7 Qc3 43. Qg5 h6 44. Qe7 Qf6 45. Qxf6 Rxf6 46. Rc7 Rf5 47. Kg2 Kh7 48. Kg3 Kg6 49. Rc6+ Kh5 50. f4 g5 51. fxg5 hxg5 1/2-1/2

[Event "Klatovy op-A 24th"]
[Site "Klatovy"]
[Date "2018.06.30"]
[Round "1"]
[White "Neuendorf, Max"]
[Black "Formanek, Martin"]
[Result "0-1"]
[WhiteElo "1981"]
[BlackElo "2267"]
[PlyCount "78"]
[EventDate "2018.06.30"]
[EventType "swiss"]
[EventRounds "9"]
[EventCountry "CZE"]
[SourceTitle "CBM 185 Extra"]
[Source "ChessBase"]
[SourceDate "2018.07.29"]
[SourceVersion "1"]
[SourceVersionDate "2018.07.29"]
[SourceQuality "1"]

1. e4 c5 2. c3 Nf6 3. e5 Nd5 4. d4 cxd4 5. Nf3 e6 6. cxd4 b6 7. Nc3 Nxc3 8. bxc3 Qc7 9. Bd2 Be7 10. Bd3 Ba6 11. Bxa6 Nxa6 12. Qe2 Nb8 13. 0-0 0-0 14. c4 d6 15. Bf4 Nd7 16. exd6 Bxd6 17. Bxd6 Qxd6 18. Rfd1 Rac8 19. Rac1 h6 20. h3 Qb4 21. Rd2 Rc7 22. Rb2 Qa3 23. Rbc2 Rfc8 24. Rc3 Qa6 25. Qc2 Qb7 26. Qe2 Nf6 27. Nd2 Rd7 28. Nb3 Qa6 29. Qc2 Rdc7 30. Kh1 Nd5 31. Nc5 Rxc5 32. dxc5 Nxc3 33. Qxc3 Rxc5 34. Qd2 Qc8 35. Rc3 Rxc4 36. Rg3 Qc7 37. Qb2 f5 38. Qb5 Rc6 39. a4 Kh7 0-1

[Event "Schleswig Holstein-ch Vormeister"]
[Site "Bad Segeberg"]
[Date "2018.03.30"]
[Round "9.5"]
[White "Neuendorf, Max"]
[Black "Kropp, Juergen"]
[Result "0-1"]
[WhiteElo "1950"]
[BlackElo "2047"]
[PlyCount "52"]
[EventDate "2018.03.24"]
[EventType "swiss"]
[EventRounds "9"]
[EventCountry "GER"]
[SourceTitle "EXT 2022"]
[Source "ChessBase"]
[SourceDate "2021.10.06"]
[SourceVersion "1"]
[SourceVersionDate "2021.10.06"]
[SourceQuality "1"]

1. e4 e5 2. Nf3 Nc6 3. Bc4 Nf6 4. d4 Bb4+ 5. c3 Bd6 6. 0-0 b6 7. Bd5 Qe7 8. Ng5 0-0 9. Bxc6 dxc6 10. f4 exf4 11. e5 Nd5 12. Nf3 Ba6 13. exd6 cxd6 14. Re1 Ne3 15. Bxe3 fxe3 16. Na3 f5 17. d5 c5 18. c4 Rae8 19. Qd3 g5 20. Kf1 Bc8 21. Nc2 f4 22. Re2 g4 23. Ng1 Bf5 24. Qc3 Qh4 25. Ne1 Qxh2 26. Nef3 Qh5 0-1

[Event "Schleswig Holstein-ch Vormeister"]
[Site "Bad Segeberg"]
[Date "2018.03.28"]
[Round "6.2"]
[White "Neuendorf, Max"]
[Black "Kosanke, Stefan"]
[Result "1-0"]
[WhiteElo "1950"]
[BlackElo "1971"]
[PlyCount "111"]
[EventDate "2018.03.24"]
[EventType "swiss"]
[EventRounds "9"]
[EventCountry "GER"]
[SourceTitle "EXT 2022"]
[Source "ChessBase"]
[SourceDate "2021.10.06"]
[SourceVersion "1"]
[SourceVersionDate "2021.10.06"]
[SourceQuality "1"]

1. e4 e6 2. d3 d5 3. Nd2 c5 4. Ngf3 Nc6 5. g3 Nf6 6. Bg2 Be7 7. 0-0 0-0 8. Re1 b5 9. e5 Nd7 10. Nf1 a5 11. h4 b4 12. Bf4 Ba6 13. N1h2 a4 14. a3 bxa3 15. bxa3 Rb8 16. Ng4 h5 17. Ngh2 Rb2 18. Ng5 Bxg5 19. Bxg5 Qe8 20. Bc1 Rb6 21. Bf4 Nd4 22. Ra2 Qb8 23. Nf3 Rb2 24. Nxd4 cxd4 25. Qa1 Rxa2 26. Qxa2 Qc8 27. Bd2 Qc6 28. Qb2 Rc8 29. Rc1 Qc5 30. f4 Rb8 31. Bb4 Qb6 32. Bf3 g6 33. Kg2 Rb7 34. g4 hxg4 35. Bxg4 Nb8 36. h5 Nc6 37. hxg6 Nxb4 38. gxf7+ Rxf7 39. Qxb4 Qxb4 40. axb4 Rg7 41. Kf3 Kf7 42. f5 exf5 43. Bxf5 Ke7 44. c4 dxc4 45. dxc4 Bb7+ 46. Kf4 Rg8 47. Ra1 Ra8 48. Ra3 Rf8 49. Rxa4 d3 50. Ke3 Rxf5 51. Ra7 Rf3+ 52. Kd2 Ke6 53. Rxb7 Kxe5 54. Rd7 Ke4 55. Kc3 Rh3 56. Rd4+ 1-0

[Event "Schleswig Holstein-ch Vormeister"]
[Site "Bad Segeberg"]
[Date "2018.03.28"]
[Round "7.5"]
[White "Rickert, Heiko"]
[Black "Neuendorf, Max"]
[Result "1/2-1/2"]
[WhiteElo "1958"]
[BlackElo "1950"]
[PlyCount "41"]
[EventDate "2018.03.24"]
[EventType "swiss"]
[EventRounds "9"]
[EventCountry "GER"]
[SourceTitle "EXT 2022"]
[Source "ChessBase"]
[SourceDate "2021.10.06"]
[SourceVersion "1"]
[SourceVersionDate "2021.10.06"]
[SourceQuality "1"]

1. d4 d5 2. Bf4 c5 3. c3 Nc6 4. e3 Qb6 5. Qb3 c4 6. Qc2 Bf5 7. Qxf5 Qxb2 8. Qxd5 Qxa1 9. Qb5 a6 10. Qxb7 Nd8 11. Qxa8 Qxb1+ 12. Ke2 e5 13. Bxe5 Qd3+ 14. Kf3 Qxf1 15. Qxa6 f6 16. Bc7 Be7 17. Qb5+ Kf7 18. Bxd8 Bxd8 19. Qd5+ Ke8 20. Qb5+ Kf7 21. Qd5+ 1/2-1/2

[Event "Schleswig Holstein-ch Vormeister"]
[Site "Bad Segeberg"]
[Date "2018.03.25"]
[Round "2.4"]
[White "Neuendorf, Max"]
[Black "Kroencke, Manfred"]
[Result "1-0"]
[WhiteElo "1950"]
[BlackElo "2021"]
[PlyCount "61"]
[EventDate "2018.03.24"]
[EventType "swiss"]
[EventRounds "9"]
[EventCountry "GER"]
[SourceTitle "EXT 2022"]
[Source "ChessBase"]
[SourceDate "2021.10.06"]
[SourceVersion "1"]
[SourceVersionDate "2021.10.06"]
[SourceQuality "1"]

1. e4 c5 2. c3 d5 3. exd5 Qxd5 4. d4 Nf6 5. Nf3 Bg4 6. Be2 e6 7. h3 Bh5 8. 0-0 Be7 9. Qa4+ Nbd7 10. Rd1 0-0 11. Be3 Nb6 12. Qc2 Bg6 13. Qc1 c4 14. Bg5 Nbd7 15. Bxf6 gxf6 16. Nbd2 Nb6 17. a4 a5 18. Nf1 Rac8 19. Ne3 Qc6 20. Nd2 Nxa4 21. Ndxc4 b5 22. Nxa5 Qb6 23. Nb3 Rfd8 24. Bf3 Bf8 25. Ng4 Bg7 26. h4 h5 27. Ne3 Qd6 28. Be2 Rb8 29. d5 Qe5 30. Nd4 exd5 31. Nc6 1-0

[Event "Kiel op 30th"]
[Site "Kiel"]
[Date "2017.08.03"]
[Round "8.14"]
[White "Fernandez, Michael"]
[Black "Neuendorf, Max"]
[Result "1-0"]
[WhiteElo "2236"]
[BlackElo "1892"]
[PlyCount "39"]
[EventDate "2017.07.29"]
[EventType "swiss"]
[EventRounds "9"]
[EventCountry "GER"]
[SourceTitle "EXT 2018"]
[Source "ChessBase"]
[SourceDate "2017.10.13"]
[SourceVersion "1"]
[SourceVersionDate "2017.10.13"]
[SourceQuality "1"]

1. c4 c5 2. g3 g6 3. Nc3 Bg7 4. Bg2 Nc6 5. d3 e6 6. Nf3 Nge7 7. 0-0 0-0 8. Bg5 h6 9. Bf4 d6 10. a3 Qd7 11. Ne4 e5 12. Bxh6 f5 13. Bxg7 Kxg7 14. Nc3 b6 15. e3 Bb7 16. d4 e4 17. Ng5 cxd4 18. exd4 d5 19. f3 exf3 20. Bxf3 1-0

[Event "Kiel op 30th"]
[Site "Kiel"]
[Date "2017.07.31"]
[Round "5"]
[White "Neuendorf, Max"]
[Black "Tresch, Lukas"]
[Result "1/2-1/2"]
[WhiteElo "1892"]
[BlackElo "2038"]
[PlyCount "65"]
[EventDate "2017.07.29"]
[EventType "swiss"]
[EventRounds "9"]
[EventCountry "GER"]
[SourceTitle "EXT 2018"]
[Source "ChessBase"]
[SourceDate "2017.10.13"]
[SourceVersion "1"]
[SourceVersionDate "2017.10.13"]
[SourceQuality "1"]

1. e4 e5 2. Nf3 Nc6 3. Bc4 Nf6 4. d4 exd4 5. 0-0 Nxe4 6. Re1 d5 7. Bxd5 Qxd5 8. Nc3 Qa5 9. Nxe4 Be6 10. Bd2 Qb6 11. Neg5 0-0-0 12. Nxe6 fxe6 13. Rxe6 Bd6 14. Ng5 Qxb2 15. Nf7 Rde8 16. Nxd6+ cxd6 17. Rb1 Qxa2 18. Rxd6 Re2 19. Bf4 Re6 20. c4 Rhe8 21. Rxc6+ Rxc6 22. Qg4+ Rce6 23. Re1 Qa6 24. h3 Qc6 25. Re5 g6 26. Rd5 h5 27. Qg5 b6 28. Bg3 Qxc4 29. Qf4 Kb7 30. Rd7+ Ka6 31. Rc7 Qd5 32. Qd2 R6e7 33. Qd3+ 1/2-1/2

[Event "Kiel op-A 29th"]
[Site "Kiel"]
[Date "2016.08.04"]
[Round "8"]
[White "Neuendorf, Max"]
[Black "Nonnenmacher, Thomas"]
[Result "1-0"]
[WhiteElo "1874"]
[BlackElo "2146"]
[PlyCount "127"]
[EventDate "2016.07.30"]
[EventType "swiss"]
[EventRounds "9"]
[EventCountry "GER"]
[SourceTitle "EXT 2017"]
[Source "ChessBase"]
[SourceDate "2016.10.25"]
[SourceVersion "1"]
[SourceVersionDate "2016.10.25"]
[SourceQuality "1"]

1. e4 Nf6 2. e5 Nd5 3. d4 d6 4. c4 Nb6 5. exd6 cxd6 6. Nc3 g6 7. Be3 Bg7 8. Rc1 Nc6 9. b3 0-0 10. d5 Ne5 11. Be2 f5 12. f4 Nf7 13. Nf3 Nd7 14. 0-0 Nf6 15. Nb5 Ng4 16. Bd4 e5 17. dxe6 Bxe6 18. Bxg7 Kxg7 19. Qd4+ Qf6 20. Qxf6+ Kxf6 21. Ng5 Nxg5 22. fxg5+ Ke7 23. Bxg4 fxg4 24. Rfe1 Kd7 25. Rcd1 d5 26. Rxe6 Kxe6 27. Nc7+ Kd6 28. Nxa8 Rxa8 29. Rxd5+ Ke6 30. Kf2 Rf8+ 31. Kg3 Rf1 32. Ra5 a6 33. Kxg4 Rd1 34. h4 Rd2 35. g3 Rh2 36. Rc5 Kd7 37. Rd5+ Ke7 38. a4 Rf2 39. Rd3 Rf1 40. Re3+ Kd6 41. Rf3 Rxf3 42. Kxf3 Kc5 43. Ke4 Kb4 44. h5 a5 45. hxg6 hxg6 46. Ke5 Kxb3 47. Kf6 Kxa4 48. Kxg6 Kb4 49. Kh7 a4 50. g6 a3 51. g7 a2 52. g8Q a1Q 53. Qd5 Qa7 54. Qb5+ Kc3 55. g4 Qd4 56. g5 Qe4+ 57. Kg7 Qe7+ 58. Kg8 Qe6+ 59. Kf8 b6 60. Qd5 Qc8+ 61. Kg7 Qxc4 62. Qxc4+ Kxc4 63. Kh6 b5 64. g6 1-0

[Event "Kiel op-A 29th"]
[Site "Kiel"]
[Date "2016.08.03"]
[Round "7"]
[White "Rudolph, Jens Erik"]
[Black "Neuendorf, Max"]
[Result "0-1"]
[WhiteElo "1939"]
[BlackElo "1874"]
[PlyCount "118"]
[EventDate "2016.07.30"]
[EventType "swiss"]
[EventRounds "9"]
[EventCountry "GER"]
[SourceTitle "CBM 173 Extra"]
[Source "ChessBase"]
[SourceDate "2016.08.29"]
[SourceVersion "1"]
[SourceVersionDate "2016.08.29"]
[SourceQuality "1"]

1. e4 e6 2. b3 d5 3. Bb2 dxe4 4. Nc3 Nf6 5. Qe2 Be7 6. Nxe4 Nxe4 7. Qxe4 Bf6 8. d4 Qd5 9. Bd3 Bd7 10. Qe3 Bc6 11. Nf3 Qd8 12. 0-0-0 Bxf3 13. Qxf3 c6 14. Rhe1 0-0 15. Qe4 g6 16. h4 Qd5 17. Qg4 Nd7 18. Kb1 Bg7 19. f4 Nf6 20. Qh3 b5 21. g4 h5 22. gxh5 Nxh5 23. Qg4 a5 24. Rg1 Ra7 25. Qg5 b4 26. Rdf1 Qxg5 27. fxg5 Rd8 28. Rg4 Rad7 29. Be4 Rd6 30. Bf3 Bxd4 31. Bxd4 Rxd4 32. Rxd4 Rxd4 33. Bxc6 Rxh4 34. Be8 Rf4 35. Rd1 Ng7 36. Bc6 Rf5 37. Rd8+ Kh7 38. Rd7 Nh5 39. Be4 Rf1+ 40. Kb2 Kg7 41. Ra7 Re1 42. Bxg6 Kxg6 43. Rxa5 Nf4 44. Rb5 Nd5 45. a4 bxa3+ 46. Kxa3 Ra1+ 47. Kb2 Ra2+ 48. Kc1 Ra1+ 49. Kd2 Rd1+ 50. Kxd1 Nc3+ 51. Kd2 Nxb5 52. c4 Nd6 53. Ke3 Kxg5 54. c5 Nb5 55. Ke4 Kf6 56. b4 Ke7 57. Ke5 Kd7 58. Kf6 Kc6 59. Ke5 f5 0-1

[Event "Kiel op-A 29th"]
[Site "Kiel"]
[Date "2016.08.01"]
[Round "5"]
[White "Schramm, Daniel"]
[Black "Neuendorf, Max"]
[Result "0-1"]
[WhiteElo "1988"]
[BlackElo "1874"]
[PlyCount "62"]
[EventDate "2016.07.30"]
[EventType "swiss"]
[EventRounds "9"]
[EventCountry "GER"]
[SourceTitle "CBM 173 Extra"]
[Source "ChessBase"]
[SourceDate "2016.08.29"]
[SourceVersion "1"]
[SourceVersionDate "2016.08.29"]
[SourceQuality "1"]

1. c4 e5 2. Nc3 Nf6 3. g3 d5 4. cxd5 Nxd5 5. Bg2 Nb6 6. Nf3 Nc6 7. 0-0 Be7 8. d4 exd4 9. Nb5 Bf6 10. Qd3 0-0 11. Rd1 a5 12. a3 Be6 13. Nbxd4 Nxd4 14. Nxd4 Bc4 15. Qc2 Qc8 16. b3 c5 17. bxc4 cxd4 18. Rb1 Qxc4 19. Qxc4 Nxc4 20. Rxb7 Rab8 21. a4 Rxb7 22. Bxb7 Rb8 23. Ba6 Rb4 24. Bb5 h6 25. Kg2 h5 26. h4 g6 27. e3 dxe3 28. fxe3 Ne5 29. Bd2 Rb2 30. Kh3 Ng4 31. Be1 Rh2# 0-1

[Event "Kiel op-A 27th"]
[Site "Kiel"]
[Date "2014.08.07"]
[Round "8"]
[White "Beeck, Mats"]
[Black "Neuendorf, Max"]
[Result "1-0"]
[WhiteElo "1897"]
[BlackElo "1848"]
[PlyCount "85"]
[EventDate "2014.08.02"]
[EventType "swiss"]
[EventRounds "9"]
[EventCountry "GER"]
[SourceTitle "CBM 161 Extra"]
[Source "ChessBase"]
[SourceDate "2014.08.29"]
[SourceVersion "1"]
[SourceVersionDate "2014.08.29"]
[SourceQuality "1"]

1. c4 c6 2. d4 d5 3. Nf3 Nf6 4. g3 g6 5. cxd5 cxd5 6. Bg2 Bg7 7. Nc3 0-0 8. Ne5 e6 9. Bg5 h6 10. Bxf6 Bxf6 11. Qd2 Bxe5 12. dxe5 Kg7 13. 0-0 h5 14. Rfd1 Nc6 15. f4 Qb6+ 16. e3 Rd8 17. Na4 Qb4 18. Qxb4 Nxb4 19. Rd2 b6 20. a3 Na6 21. b4 Bd7 22. Nc3 Rdc8 23. Ne2 Ba4 24. e4 dxe4 25. Bxe4 Rab8 26. Kf2 Rd8 27. Rxd8 Rxd8 28. Ke3 Nc7 29. Rc1 Rd7 30. Nd4 Nb5 31. Nxb5 Bxb5 32. h3 Kf8 33. g4 hxg4 34. hxg4 Ke7 35. Rc2 Ba4 36. Rc1 Bb5 37. f5 gxf5 38. gxf5 exf5 39. Bxf5 Rb7 40. Kd4 Ba4 41. Bc8 Rb8 42. Rc7+ Ke8 43. Rxa7 1-0

[Event "Hamburg St Pauli op-B"]
[Site "Hamburg"]
[Date "2014.07.24"]
[Round "6"]
[White "Floren, Dieter"]
[Black "Neuendorf, Max"]
[Result "1/2-1/2"]
[WhiteElo "1735"]
[BlackElo "1848"]
[PlyCount "54"]
[EventDate "2014.07.19"]
[EventType "swiss"]
[EventRounds "9"]
[EventCountry "GER"]
[SourceTitle "CBM 161 Extra"]
[Source "ChessBase"]
[SourceDate "2014.08.29"]
[SourceVersion "1"]
[SourceVersionDate "2014.08.29"]
[SourceQuality "1"]

1. e4 g6 2. d4 c6 3. Nc3 d6 4. f4 d5 5. e5 h5 6. Nf3 Bf5 7. Bd3 Bxd3 8. Qxd3 e6 9. Be3 Nh6 10. 0-0-0 Nf5 11. Bf2 Be7 12. h3 h4 13. Rdg1 Nd7 14. g4 hxg3 15. Bxg3 Qa5 16. Nd2 0-0-0 17. Nb3 Qc7 18. Be1 Kb8 19. Kb1 c5 20. dxc5 Nxc5 21. Nxc5 Bxc5 22. Rg5 d4 23. Ne4 Be7 24. Rgg1 Rh5 25. Ng3 Nxg3 26. Rxg3 Qc6 27. Rf1 Qd5 1/2-1/2

[Event "Hamburg St Pauli op-B"]
[Site "Hamburg"]
[Date "2014.07.20"]
[Round "3"]
[White "Neuendorf, Max"]
[Black "Andris, Valentin"]
[Result "0-1"]
[WhiteElo "1848"]
[BlackElo "1780"]
[PlyCount "40"]
[EventDate "2014.07.19"]
[EventType "swiss"]
[EventRounds "9"]
[EventCountry "GER"]
[SourceTitle "CBM 161 Extra"]
[Source "ChessBase"]
[SourceDate "2014.08.29"]
[SourceVersion "1"]
[SourceVersionDate "2014.08.29"]
[SourceQuality "1"]

1. e4 c5 2. c3 Nf6 3. e5 Nd5 4. d4 cxd4 5. Nf3 Nc6 6. cxd4 d6 7. Bc4 Nb6 8. Bb5 dxe5 9. Nxe5 Bd7 10. Nxd7 Qxd7 11. Bxc6 bxc6 12. 0-0 g6 13. Re1 Bg7 14. Be3 0-0 15. Nc3 Nc4 16. b3 Nxe3 17. fxe3 c5 18. Rc1 cxd4 19. Ne2 d3 20. Nf4 d2 0-1